| 000 | 01422cam a22003375i 4500 | ||
|---|---|---|---|
| 001 | 1161424 | ||
| 003 | EG-ScBUE | ||
| 005 | 20250723100213.0 | ||
| 008 | 960222s1996 nyua f b 001 0 eng d | ||
| 020 | _a0486691861 | ||
| 020 | _a9780486691862 | ||
| 040 |
_aEG-ScBUE _beng _erda _cEG-ScBUE _dEG-ScBUE |
||
| 082 | 0 | 4 |
_a541.28 _222 _bSZA |
| 100 | 1 |
_aSzabo, Attila, _d1947 September 6- _eauthor. |
|
| 245 | 1 | 0 |
_aModern quantum chemistry : _bintroduction to advanced electronic structure theory / _cAttila Szabo, Laboratory of Chemical Physics, National Institute of Health, Bethesda, Maryland, Neil S. Ostlund, Hypercube, Inc., Waterloo, Ontario. |
| 264 | 1 |
_aMineola, N. Y. : _bDover Publications, INC., _c1996. |
|
| 300 |
_axiv, 466 pages : _billustrations ; _c22 cm |
||
| 336 |
_2rdacontent _atext _btxt |
||
| 337 |
_aunmediated _2rdamedia _bn |
||
| 338 |
_avolume _bnc _2rdacarrier |
||
| 500 | _aPreviously published: 1st ed., rev. New York : McGraw-Hill, c1989. | ||
| 500 | _aIncludes Appendices. | ||
| 504 | _aIncludes bibliographical references and index. | ||
| 650 | 7 |
_aQuantum chemistry. _2BUEsh _97434 |
|
| 653 |
_bENGCHE _cMay2018 |
||
| 655 | _vReading book | ||
| 700 | 1 |
_aOstlund, Neil S., _eauthor. |
|
| 856 | 4 | 2 |
_3Publisher description _uhttp://www.loc.gov/catdir/description/dover032/96010775.html |
| 856 | 4 | 1 |
_3Table of contents _uhttp://www.loc.gov/catdir/toc/dover031/96010775.html |
| 942 |
_2ddc _cBB |
||
| 999 |
_c26732 _d26704 |
||